Statistics for NFL Passing Leaders Since 2000

Click here to take the quiz!

General Stats

  • This quiz has been taken 89 times
    (79 since last reset)
  • The average score is 16 of 19

Answer Stats

Answer Hint % Correct
Peyton Manning2013
100%
Tom Brady2007
100%
Drew Brees2017
97%
Philip Rivers2010
80%
Ben Roethlisberger2014
75%
Kurt Warner2001
53%
Daunte Culpepper2004
44%
Matt Schaub2009
38%
Rich Gannon2002
38%

Score Distribution

Percentile by Number Answered

Percent of People with Each Score

Your Score History

You have not taken this quiz since the last reset